Detalles MARC
| 000 -LIDER |
| fixed length control field |
01689nam a22003137a 4500 |
| 001 - NÚMERO DE CONTROL |
| Identificador de número de control |
000534 |
| 003 - IDENTIFICACDOR DE NÚMERO DE CONTROL |
| control field |
DO-SdBNP |
| 005 - DATE AND TIME OF LATEST TRANSACTION |
| control field |
20170915110702.0 |
| 007 - CAMPOS FIJOS DE DESCRIPCIÓN FÍSICA |
| fixed length control field |
000534 |
| 008 - ELEMENTOS DE LONGITUD FIJA |
| fixed length control field |
161010b 2009 ||||| |||| 00| 0 spa d |
| 020 ## - ISBN |
| International Standard Book Number |
9789587360066 |
| 040 ## - FUENTE DE CATALOGACIÓN |
| Agencia que crea de manera original el registro |
BPMSU |
| Idioma de catalogación |
spa |
| Agencia que realiza la transcripción |
BPMSU |
| 082 ## - NÚMERO DE CLASIFICACIÓN DECIMAL DE DEWEY |
| Classification number |
R 660.3 |
| Item number |
D948b |
| 100 1# - ASIENTO PRINCIPAL -- NOMBRE PERSONAL |
| Nombre personal |
Durán Ramírez, Felipe |
| 245 10 - MENCIÓN DE TITULO |
| Título |
La biblia de las recetas industriales / |
| Mención de responsabilidad |
Felipe Durán Ramírez |
| 246 34 - VARIACION DEL TÍTULO |
| Título propiamente dicho o título corto |
La biblia de las recetas industriales : |
| Subtítulo |
fórmulas y procedimientos al alcance de toros |
| 260 ## - PUBLICACIÓN, DISTRIBUCIÓN, ETC. (PIE DE IMPRENTA) |
| Lugar de publicación, distribución, etc |
[s.l.] : |
| Nombre del editor, distribuidor, etc. |
Grupo Latino, |
| Fecha de publicación, distribución, etc |
[20--]. |
| 300 ## - DESCRIPCIÓN FÍSICA |
| Extensión |
1328 p. : |
| Otros detalles físicos |
il. ; |
| Dimensiones |
27 cm. |
| 500 ## - NOTA GENERAL |
| Nota general |
Obra de fácil consulta para diferentes procesos industriales |
| 504 ## - NOTA DE BIBLIOGRAFÍA, ETC. |
| Bibliography, etc |
Bibliografía : p. 1323-1328 |
| 505 0# - NOTA DE CONTENIDO |
| Título |
Elaboración de productos alimenticios y de bebidas -- |
| -- |
Elaboración de productos de molinería, almidones y alimentos preparados para animales -- |
| -- |
Fabricación de productos textiles -- |
| -- |
Transformación de la madera y fabricación de productos de madera -- |
| -- |
Fabricación de papeles, cartones y productos de papel y cartón -- |
| -- |
Coquización, fabricación de productos de la refinación del petróleo -- |
| -- |
Fabricación de sustancias y productos químicos -- |
| -- |
Fabricación de productos minerales no metálicos -- |
| -- |
Fabricación de otros productos minerales no metálicos -- |
| -- |
Fabricación de productos metalúrgicos básicos. |
| 650 #4 - ENCABEZAMIENTO DE MATERIA--TEMÁTICO |
| Término temático o nombre geográfico como elemento de entrada |
RECETARIOS INDUSTRIALES |
| 650 #4 - ENCABEZAMIENTO DE MATERIA--TEMÁTICO |
| Término temático o nombre geográfico como elemento de entrada |
QUÍMICA INDUSTRIAL |
| Subdivisión temática general |
FÓRMULAS Y RECETAS |
| 650 #4 - ENCABEZAMIENTO DE MATERIA--TEMÁTICO |
| Término temático o nombre geográfico como elemento de entrada |
TECNOLOGÍA QUÍMICA |
| Subdivisión temática general |
FÓRMULAS Y RECETAS |
| 910 ## - VALIDACIÓN |
| Validación |
Validado. Control de calidad MFF |
| 942 ## - ADDED ENTRY ELEMENTS (KOHA) |
| Source of classification or shelving scheme |
Dewey Decimal Classification |
| Koha item type |
Libros |
| 945 ## - INFORMACIÓN DE PROCESAMIENTO LOCAL |
| Información de procesamiento local |
Inventariado, MFF/2017 |
| 956 ## - LOCAL ELECTRONIC LOCATION AND ACCESS (OCLC) |
| Método de acceso |
LOPEREZ |
| Materiales especificados |
10 |
| Enlace |
20161010 |
| Campo enlazado y núm. de secuencia |
BPMSU |
| Nombre de host |
00041 |